000 00291nam a2200121Ia 4500
005 20251222175926.0
008 251222s9999||||xx |||||||||||||| ||spa||
082 _a354.111.1/M61
245 0 _aEstrategia Nacional de Inclusión Social
250 _a1ra. ed.
264 _bMIDIS
942 _cLIB
999 _c40834
_d40834